| 000 | 00810nam a22002055i 4500 | ||
|---|---|---|---|
| 001 | 156631 | ||
| 003 | ES-MaACL | ||
| 005 | 20230906210448.0 | ||
| 008 | 040803m18681870fr |||| | fre d | ||
| 040 |
_aCAM _bspa _cCAM |
||
| 080 | _a141.31 | ||
| 100 | 1 |
_aKleutgen, Joseph _c(S.I.) _9128465 |
|
| 245 | 1 | 3 |
_aLa philosophie scolastique / _cexposée et défendue par le R.P. Kleutgen... ; traduite... par le R.P. Constant Sierp. |
| 260 |
_aParis : _bGaume Frères et J. Duprey, éditeurs, _c1868 ( _fTyp. de Ad. Lainé et J. Havard) |
||
| 300 |
_a4 v. ; _c21 cm. |
||
| 597 | _aT. I. 1868 (XVI, 560 p.) -- T. II. 1869 (549, [2] p.) -- T. III. 1869 (579 p.) -- T. IV. 1870 (596 p.) | ||
| 650 | 4 |
_aEscolasticismo. _9136013 |
|
| 700 | 1 |
_aSierp, Constant. _9132719 |
|
| 852 | 4 |
_aES-MaACL _jG-947-950 _z-- Enc. hol. |
|
| 999 |
_c156631 _d156631 |
||